|
|
|
|
| LEADER |
00000cam a2200000 7i4500 |
| 001 |
0000002405 |
| 002 |
000002621 |
| 005 |
20000330.0 |
| 020 |
|
|
|a 9679784916
|
| 090 |
0 |
0 |
|a F
|b HIC
|
| 100 |
1 |
|
|a Hickling, Hugh
|
| 245 |
1 |
4 |
|a The dog satyricon
|c Hugh Hickling
|
| 260 |
|
|
|a Petaling Jaya :
|b Pelanduk Publications ,
|c 1994
|
| 300 |
|
|
|a 162p. ;
|c 21cm.
|
| 650 |
0 |
0 |
|a Short stories, English
|
| 999 |
|
|
|a 035969
|b BUKU
|c PINJAMAN
|e PERPUSTAKAAN KOMUNITI CAW KOTA DAMANSARA
|
| 999 |
|
|
|a 035970
|b BUKU
|c PINJAMAN
|e PERPUSTAKAAN KOMUNITI PETALING JAYA
|
| 999 |
|
|
|a 036707
|b BUKU
|c PINJAMAN
|e PERPUSTAKAAN KOMUNITI PETALING JAYA
|
| 999 |
|
|
|a 082298
|b BUKU
|c PINJAMAN
|e PERPUSTAKAAN KOMUNITI CAW KOTA DAMANSARA
|